| Tag |
First Indicator |
Second Indicator |
Subfields |
| LEADER |
00000cam a2200000Ia 4500 |
| 001 |
in00001562607 |
| 005 |
20151022073232.0 |
| 008 |
991105s1994 mx a b 000 0 spa d |
| 020 |
|
|
|a 9682959349 (Obra general)
|
| 020 |
|
|
|a 9682959810 (t.1, v.1)
|
| 020 |
|
|
|a 9682959829 (t.1, v.2)
|
| 020 |
|
|
|a 9682974593 (t.2, v.1)
|
| 020 |
|
|
|a 9682974607 (t.2, v.2)
|
| 020 |
|
|
|a 9682976162 (t.3, v.1)
|
| 020 |
|
|
|a 9682976170 (t.3, v.2)
|
| 020 |
|
|
|a 9682976189 (t.4, v.1)
|
| 020 |
|
|
|a 9682976197 (t.4, v.2)
|
| 035 |
|
|
|a (OCoLC)ocm42777974
|
| 040 |
|
|
|a PIT
|c PIT
|d TXA
|d UtOrBLW
|
| 049 |
|
|
|a TXAM
|
| 090 |
|
|
|a PQ7297.L584
|b E73 1994
|
| 100 |
1 |
|
|a Lombardo Toledano, Vicente,
|d 1894-1968.
|
| 245 |
1 |
0 |
|a Escritos en Siempre /
|c Vicente Lombardo Toledano ; selección de textos y preámbulo Marcela Lombardo ; introducción, Horacio Labastida.
|
| 250 |
|
|
|a 1. ed.
|
| 264 |
|
1 |
|a México, D.F. :
|b Centro de Estudios Filosóficos, Políticos y Sociales "Vicente Lombardo Toledano",
|c 1994.
|
| 300 |
|
|
|a 4 volumes in 8 :
|b illustrations ;
|c 22 cm.
|
| 336 |
|
|
|a text
|b txt
|2 rdacontent
|
| 337 |
|
|
|a unmediated
|b n
|2 rdamedia
|
| 338 |
|
|
|a volume
|b nc
|2 rdacarrier
|
| 490 |
1 |
|
|a Serie "Obra temática"
|
| 504 |
|
|
|a Includes bibliographical references.
|
| 505 |
0 |
|
|a T. 1. v. 1. Filosofía, cultura, arte -- t. 1. v. 2. Ciencia y técnica, educación, teoría política -- t. 2. v. 1. Problemas internacionales -- t. 2 v. 2. El imperialismo y los países capitalistas, sobre los países socialistas y la paz, la coexistencia pacífica y el desarme -- t. 3. v. 1. Problemas de América Latina -- t. 3. v. 2. Problemas económicos, movimiento obrero, iglesia católica y clero político, partido popular - popular socialsta -- t. 4. v. 1-2. Problemas de México.
|
| 500 |
|
|
|a Collection of articles written by Vicente Lombardo Toledano previously published in "Siempre". These articles span 15 years, from number 1, June 27, 1953-no. 804, November 20, 1968.
|
| 600 |
1 |
0 |
|a Lombardo Toledano, Vicente,
|d 1894-1968
|x Political and social views.
|
| 700 |
1 |
|
|a Lombardo, Marcela.
|
| 730 |
0 |
|
|a Siempre.
|
| 830 |
|
0 |
|a Serie "Obra tematica."
|
| 994 |
|
|
|a E0
|b TXA
|
| 948 |
|
|
|a cataloged
|b h
|c 2000/9/29
|d c
|e blrosas
|f 8:24:55 am
|
| 999 |
|
|
|a MARS
|
| 999 |
f |
f |
|s 29c6286c-719b-37f5-bd4f-fc407eaf5dbd
|i 3209d95c-99c3-3df2-92ed-5e7104c7e940
|t 0
|
| 952 |
f |
f |
|p ric
|a Texas A&M University
|b Rellis Campus
|c Joint Library Facility
|d Remote Storage
|t 0
|e PQ7297.L584 E73 1994
|h Library of Congress classification
|i unmediated -- volume
|k t.3:v.2
|m A14825493788
|
| 952 |
f |
f |
|p ric
|a Texas A&M University
|b Rellis Campus
|c Joint Library Facility
|d Remote Storage
|t 0
|e PQ7297.L584 E73 1994
|h Library of Congress classification
|i unmediated -- volume
|k t.1:v.2
|m A14825493746
|
| 952 |
f |
f |
|p ric
|a Texas A&M University
|b Rellis Campus
|c Joint Library Facility
|d Remote Storage
|t 0
|e PQ7297.L584 E73 1994
|h Library of Congress classification
|i unmediated -- volume
|k t.4:v.1
|m A14825493796
|
| 952 |
f |
f |
|p ric
|a Texas A&M University
|b Rellis Campus
|c Joint Library Facility
|d Remote Storage
|t 0
|e PQ7297.L584 E73 1994
|h Library of Congress classification
|i unmediated -- volume
|k t.3:v.1
|m A14825493770
|
| 952 |
f |
f |
|p ric
|a Texas A&M University
|b Rellis Campus
|c Joint Library Facility
|d Remote Storage
|t 0
|e PQ7297.L584 E73 1994
|h Library of Congress classification
|i unmediated -- volume
|k t.2:v.1
|m A14825493754
|
| 952 |
f |
f |
|p ric
|a Texas A&M University
|b Rellis Campus
|c Joint Library Facility
|d Remote Storage
|t 0
|e PQ7297.L584 E73 1994
|h Library of Congress classification
|i unmediated -- volume
|k t.2:v.2
|m A14825493762
|
| 952 |
f |
f |
|p ric
|a Texas A&M University
|b Rellis Campus
|c Joint Library Facility
|d Remote Storage
|t 0
|e PQ7297.L584 E73 1994
|h Library of Congress classification
|i unmediated -- volume
|k t.4:v.2
|m A14825493801
|
| 998 |
f |
f |
|a PQ7297.L584 E73 1994
|s t.1:v.2-t.4:v.2
|t 0
|l Remote Storage
|